[Event "Bayern-chI Bank Hofmann 6th"]
[Site "Bad Wiessee"]
[Date "2002.10.28"]
[Round "3"]
[White "Shabalov, Alexander"]
[Black "Wippermann, Till"]
[Result "1-0"]
[WhiteElo "2621"]
[BlackElo "2354"]
[Annotator "Teske,H"]
[PlyCount "69"]
[EventDate "2002.10.26"]
[EventType "swiss"]
[EventRounds "9"]
[EventCountry "GER"]
[SourceTitle "EXT 2003"]
[Source "ChessBase"]
[SourceDate "2002.11.25"]
[SourceVersion "1"]
[SourceVersionDate "2002.11.25"]
[SourceQuality "1"]

1. d4 Nf6 2. c4 e5 {Das Budapester Gambit. Till Wippermann spielt dies
vielleicht doch zu häufig, um seine Gegner noch zu überraschen.} 3. dxe5 Ng4 4.
Bf4 Nc6 5. Nf3 Bb4+ 6. Nc3 {Da Alexander Shabalov die Eröffnungszüge schnell
herunterblitzte, kann man von einer perfekten Eröffnungsvorbereitung des
Amerikaners ausgehen.} ({Häufiger ist} 6. Nbd2 {anzutreffen.}) 6... Qe7 7. Qd5
Bxc3+ 8. bxc3 f6 9. exf6 Nxf6 10. Qd3 d6 {Schwarz hat nun ein freies
Figurenspiel und Spiel gegen den geschwächten weißen Damenflügel.} 11. g3 b6
12. Bg2 Bb7 13. O-O Na5 14. Rfe1 O-O 15. e4 $1 Nh5 ({Nach} 15... Bxe4 $2 16.
Qd1 {geht Schwarz an der Fesselung in der e-Linie zugrunde.} Qd7 17. Rxe4 Nxe4
18. Qd5+ Kh8 19. Qxe4 $16) 16. Bc1 Qf7 17. c5 $1 dxc5 18. Qc2 h6 $2 {
Wahrscheinlich der entscheidende Fehler. Danach wird die weiße Bauernmajorität
am Königsflügel beweglich und entscheidet die Partie.} (18... Rae8) 19. Ne5 $1
Qe6 20. f4 Rfe8 21. Qe2 Nf6 22. Qf1 Rad8 23. Bh3 Qe7 24. Bf5 Qf8 25. Rb1 Bc8
26. Bg6 Re7 27. Rb2 Bb7 28. Rf2 Rd6 29. Bf5 Qa8 30. Qg2 Rd8 31. g4 $1 {Die
Entscheidung naht.} Bc8 32. g5 hxg5 33. fxg5 Ne8 34. Ng6 Rf7 35. Qh3 1-0

[Event "Olympiad-23"]
[Site "Buenos Aires"]
[Date "1978.11.06"]
[Round "11"]
[White "Vaganian, Rafael A"]
[Black "Wedberg, Tom Birger"]
[Result "1/2-1/2"]
[WhiteElo "2570"]
[BlackElo "2360"]
[Annotator "Wedberg,T"]
[PlyCount "65"]
[EventDate "1978.10.25"]
[EventType "team-swiss"]
[EventRounds "14"]
[EventCountry "ARG"]
[SourceTitle "EXT 2000"]
[Source "ChessBase"]
[SourceDate "1999.11.16"]
[SourceVersion "1"]
[SourceVersionDate "1999.11.16"]
[SourceQuality "1"]
[WhiteTeam "Soviet Union"]
[BlackTeam "Sweden"]
[WhiteTeamCountry "URS"]
[BlackTeamCountry "SWE"]

{Inf.26/119} 1. d4 Nf6 2. c4 e5 3. dxe5 Ng4 4. e4 Nxe5 5. f4 Nec6 (5... Ng6 $5
6. Nf3 (6. Be3 Bb4+ 7. Nc3 Bxc3+ 8. bxc3 Qe7 9. Bd3 f5 $13) 6... Bb4+ 7. Nc3
Qf6 8. e5 Qb6 9. Qd3 d6 $13) 6. Nf3 (6. Be3 Na6 {/\ Bc5}) 6... Bc5 7. Nc3 d6 8.
Bd3 a5 $6 9. h3 $2 (9. Qe2 Bg4 10. Be3 Nd4 11. Qf2 Bxf3 $2 12. Bxd4 $1 $16)
9... Na6 10. Nd5 Be6 11. a3 (11. Be3 Bxd5 12. Bxc5 Bxe4 $1 $17) 11... O-O $32 {
=/+} 12. f5 Bxd5 13. cxd5 Ne5 14. Nxe5 $6 (14. Bf4 $142) 14... Qh4+ 15. Kd2
dxe5 16. Kc2 Bd4 $17 17. Rf1 c6 18. d6 Nc5 19. f6 Rfd8 20. fxg7 Rxd6 $2 (20...
b5 21. Qf3 Ra7 22. a4 $13) (20... Nxd3 21. Qxd3 (21. Qf3 $2 Nf2) 21... Rxd6 $17
) 21. Qf3 Rd7 22. g3 $1 Qe7 (22... Qxh3 $2 23. Bc4 $18) 23. Bc4 Nxe4 $5 24. Bd3
$8 (24. Qxe4 $2 Qc5 $19) 24... Ng5 $8 (24... Nd6 $2 25. Bxh7+ $18) 25. Bxg5 (
25. Qf5 $2 e4 $19) 25... Qxg5 26. h4 Qxg7 $15 27. Rae1 Kh8 28. Re4 Rg8 29. Qf5
Rd6 $2 (29... Re7 30. Rg4 Qh6 $15) 30. Qxf7 Qxf7 31. Rxf7 $11 Rg7 32. Rf8+ Rg8
33. Rf7 1/2-1/2